Score 0/20 Timer 03:00
0 Plays Today
% Correct
Heart
98.4%
Square
97.9%
Sun
96.7%
Lightning Bolt
96.5%
Triangle
96%
Car
95.6%
Star
95.4%
Rectangle
95.1%
Spade
92.7%
Arrow
91.9%
% Correct
Diamond
91%
Cylinder
90.7%
Face
88%
Cube
67.2%
Crescent
67%
Cross
62.3%
Hexagon
60.8%
Circle
53.5%
Pentagon
49.3%
Club
42.4%
Remove Ads.
Support Sporcle.
Get the best of Sporcle when you Go Orange. This ad-free experience offers more features, more stats, and more fun while also helping to support Sporcle. Thank you for becoming a member.

You're not logged in!

Compare scores with friends on all Sporcle quizzes.
OR
Log In

Show Comments

Extras

Top Quizzes Today


Score Distribution

Your Account Isn't Verified!

In order to create a playlist on Sporcle, you need to verify the email address you used during registration. Go to your Sporcle Settings to finish the process.

Report this User

Report this user for behavior that violates our Community Guidelines.

Details: